| 000 | 00823nam a22002417a 4500 | ||
|---|---|---|---|
| 005 | 20250428150730.0 | ||
| 008 | 250428b |||||||| |||| 00| 0 eng d | ||
| 020 | _a978-0-691-19212-3 (hbk) | ||
| 037 | _cTB | ||
| 040 |
_aAL _cAL |
||
| 041 |
_2eng _aeng |
||
| 084 |
_aL396:424v R1 _qCRL |
||
| 100 |
_aHarper, Kyle _9753326 |
||
| 245 |
_aPlagues upon the earth: _bDisease and the course of human history |
||
| 260 |
_aPrinceton, USA: _bPrinceton University Press, _c2021. |
||
| 300 | _aix, 686p. | ||
| 365 |
_b 35.00 _cUSD |
||
| 490 | _aPrinceton economic history, (Editor) Joel Mokyr | ||
| 650 | _aMedicine | ||
| 650 |
_aPlague _9282202 |
||
| 942 |
_2CC _cTB _hL396:424v R1 _n0 |
||
| 999 |
_c1309677 _d1309677 |
||